000 00665nam a22001935i 4500
001 177159
003 ES-MaACL
005 20230906220251.0
008 110307s1966 sp |||| | spa d
080 _a821.134.2-311.2"19"
100 1 _aRodríguez de la Loma, Jesús.
_9145472
245 1 0 _aCarta a un amigo /
_cJesús Rodríguez de la Loma.
260 _a[Madrid :
_bAlfaguara],
_c1966.
300 _a126 p. ;
_c17 cm.
490 1 _aLa novela popular. Contemporánea, inédita, española ;
_v35
830 0 _aLa novela popular. Contemporánea, inédita, española ;
_v35
_9188024
852 _aES-MaACL
_jE-14581
_xOlim P-213-Ter
999 _c177159
_d177159